| 000 | 00786nam a22002537a 4500 | ||
|---|---|---|---|
| 001 | 47210 | ||
| 003 | UA-OsUOA | ||
| 005 | 20220908155343.0 | ||
| 007 | ta | ||
| 008 | 20070713b un ||||| |||| 00| 0 ukr d | ||
| 020 | _a966729305Х | ||
| 040 |
_aUA-OsUOA _beng _cUA-OsUOA _dUA-OsUOA |
||
| 041 | _aeng | ||
| 080 | _a811.111(075) | ||
| 090 |
_a811.111(075) _bГ19 |
||
| 245 |
_aАнглійська література _bнавч. пос. _cуклад. С. В. Гапонова |
||
| 246 | _aEnglish literature | ||
| 260 |
_aК. _bЗнання _c1998 |
||
| 300 | _a160 с. | ||
| 650 | 7 |
_a8 Мовознавство. Художня література. Літературознавство _2UDC |
|
| 700 | 1 |
_aГапонова С. В. _eуклад. |
|
| 942 |
_cBK _2udc |
||
| 955 | _a2 | ||
| 999 |
_c333315 _d333315 |
||